| 000 | 00683nam a22002297a 4500 | ||
|---|---|---|---|
| 003 | OSt | ||
| 005 | 20260304070117.0 | ||
| 008 | 260304b |||||||| |||| 00| 0 eng d | ||
| 020 | _a9798881600112 | ||
| 040 |
_aDWCL - Main Lib. _cOC |
||
| 082 | _aCirc. 821.92 L269s 2025 | ||
| 100 | _aLang, Leav | ||
| 245 |
_aSoon it will be Sunday / _cLeav Lang |
||
| 260 |
_aMissouri : _bAndrews McMeel Publishing, _cc2025. |
||
| 300 |
_a154 pages ; _c20cm. |
||
| 504 | _aIncludes index. | ||
| 650 | _a1. Australian Poetry -- 21st century. | ||
| 650 | _a2. English Poetry -- 21st century. | ||
| 650 | _a3. Lang, Leav -- Qoutations. | ||
| 650 | _a4. Poetry. | ||
| 942 |
_2ddc _cBK-CIRC _n0 |
||
| 999 |
_c8620 _d8620 |
||